00428 2200157 4500001002100000008004100021035002000062245006500082260002400147300002200171020001800193084001400211082000800225650002600233990001100259INLIS000000000001131 ind  a0010-0722000680 aPanduan Sekolah Dan Madrasah Ramah AnakcAsrorun Niam Sholeh aJakarta :bErlangga a214c14,5 x 21 cm a9786022988458 a371 ASR p a371 aPengajaran Pendidikan aDI.017